[Event "15th EUR-ch (w)"]
[Site "Plovdiv BUL"]
[Date "2014.07.06"]
[Round "1.1"]
[White "Dzagnidze, Nana"]
[Black "Olsarova, Karolina"]
[Result "1-0"]
[WhiteElo "2541"]
[BlackElo "2274"]
[EventDate "2014.07.06"]
[PlyCount "75"]

1.d4 d5 2.c4 c6 3.Nc3 Nf6 4.e3 a6 5.Nf3 b5 6.cxd5 cxd5 7.Ne5 e6 8.Bd2 Bd6 
9.Bd3 O-O 10.O-O Qb6 11.a4 b4 12.a5 Qb7 13.Na4 Nbd7 14.f4 Ne4 15.Rc1 f6 
16.Nc6 Nb8 17.Nxb8 Rxb8 18.Nb6 f5 19.Bxe4 fxe4 20.Qa4 Qe7 21.Be1 Rd8 22.
Bg3 g6 23.b3 Kf7 24.Rc6 Bb7 25.Rc2 h5 26.Rfc1 Kg8 27.Rc5 Bxc5 28.Rxc5 Qe8 
29.Qxb4 Bc6 30.Qc3 Bb5 31.f5 Rb7 32.Bc7 Rxc7 33.Rxc7 Qf8 34.Nc8 Rd7 35.h3 
gxf5 36.Na7 Rg7 37.Nxb5 axb5 38.Rc8 1-0

[Event "15th EUR-ch (w)"]
[Site "Plovdiv BUL"]
[Date "2014.07.06"]
[Round "1.2"]
[White "Manakova, Maria"]
[Black "Muzychuk, Maria"]
[Result "0-1"]
[WhiteElo "2273"]
[BlackElo "2521"]
[EventDate "2014.07.06"]
[PlyCount "98"]

1.e4 c5 2.Nf3 e6 3.d4 cxd4 4.Nxd4 Nf6 5.Nc3 Nc6 6.Ndb5 d6 7.Bf4 e5 8.Bg5 
a6 9.Na3 b5 10.Nd5 Be7 11.Bxf6 Bxf6 12.c3 Bg5 13.Nc2 O-O 14.Be2 Ne7 15.
Nce3 Bxe3 16.Nxe3 Bb7 17.Bf3 Qb6 18.O-O Rad8 19.a4 bxa4 20.Rxa4 Bc6 21.Ra2
Qb7 22.Nd5 Nxd5 23.exd5 Bd7 24.Qd2 Bb5 25.Rfa1 f5 26.b3 e4 27.Bd1 Bd3 28.
c4 Ra8 29.h3 f4 30.Bc2 Bxc2 31.Qxc2 e3 32.Qd3 Rae8 33.fxe3 Rxe3 34.Qd4 Qe7
35.Rf2 f3 36.Rxa6 fxg2 37.Rxg2 Rxh3 38.Ra1 Rxb3 39.Ra7 Rb7 40.Rxb7 Qxb7 
41.c5 Qa7 42.Kh2 dxc5 43.Qc4 Rd8 44.d6+ Qf7 45.Qxc5 Qf4+ 46.Kg1 Qxd6 47.
Qg5 Qd4+ 48.Kh2 Rd5 49.Qh6 Qe5+ 0-1

[Event "15th EUR-ch (w)"]
[Site "Plovdiv BUL"]
[Date "2014.07.06"]
[Round "1.3"]
[White "Pogonina, Natalia"]
[Black "Foisor, Mihaela-Veronica"]
[Result "1-0"]
[WhiteElo "2508"]
[BlackElo "2257"]
[EventDate "2014.07.06"]
[PlyCount "67"]

1.d4 Nf6 2.c4 e6 3.Nf3 d5 4.g3 c5 5.cxd5 exd5 6.Bg2 Nc6 7.O-O Be7 8.dxc5 
Bxc5 9.a3 a5 10.Qc2 Ba7 11.Nc3 O-O 12.Bg5 Be6 13.Rad1 Rc8 14.Qa4 h6 15.Bh4
Qe7 16.e4 d4 17.Nd5 Bxd5 18.exd5 Ne5 19.Nxd4 Qd7 20.Qxd7 Nfxd7 21.Be7 Rfe8
22.d6 Bxd4 23.Rxd4 Nc6 24.Re4 Nxe7 25.Rxe7 Rxe7 26.dxe7 Re8 27.Re1 Nc5 28.
f4 g6 29.g4 Kg7 30.b4 axb4 31.axb4 Nd3 32.Re4 Kf6 33.Bf1 Nb2 34.Bb5 1-0

[Event "15th EUR-ch (w)"]
[Site "Plovdiv BUL"]
[Date "2014.07.06"]
[Round "1.4"]
[White "Ionescu, Irina"]
[Black "Gunina, Valentina"]
[Result "1/2-1/2"]
[WhiteElo "2253"]
[BlackElo "2501"]
[EventDate "2014.07.06"]
[PlyCount "132"]

1.e4 c5 2.Nf3 e6 3.g3 a6 4.Bg2 b5 5.O-O Bb7 6.Qe2 d6 7.a4 Qb6 8.c3 Nf6 9.
d3 Be7 10.Nbd2 O-O 11.d4 Nc6 12.e5 dxe5 13.dxe5 Nd7 14.Rd1 Rfd8 15.axb5 
axb5 16.Rxa8 Bxa8 17.Nf1 c4 18.Be3 Qc7 19.Nd4 Nxd4 20.Bxd4 Bxg2 21.Kxg2 
Qc6+ 22.f3 h6 23.h4 Nc5 24.Bxc5 Qxc5 25.Rxd8+ Bxd8 26.Qe3 Qd5 27.Qd2 Bb6 
28.Qxd5 exd5 29.f4 d4 30.Nd2 dxc3 31.bxc3 Ba5 32.Nb1 b4 33.Kf3 bxc3 34.Na3
Kf8 35.g4 g6 36.h5 gxh5 37.gxh5 f5 38.Ke3 Bb4 39.Nc2 Bc5+ 40.Ke2 Ke7 41.
Ne3 Ke6 42.Nxc4 Kd5 43.Ne3+ Ke4 44.Ng2 Bf8 45.Kd1 Be7 46.Kc2 Kf3 47.Ne1+ 
Kxf4 48.Nd3+ Kg4 49.Kxc3 Kxh5 50.Kd4 Kg4 51.e6 h5 52.Ke3 Kg3 53.Ke2 h4 54.
Kf1 h3 55.Kg1 Bd6 56.Kh1 Be7 57.Kg1 Bg5 58.Kh1 Bf6 59.Kg1 Be7 60.Kh1 Kg4 
61.Ne5+ Kg5 62.Kh2 Kf6 63.Nc6 Bc5 64.e7 Bxe7 65.Nxe7 Kxe7 66.Kxh3 Ke6 
1/2-1/2

[Event "15th EUR-ch (w)"]
[Site "Plovdiv BUL"]
[Date "2014.07.06"]
[Round "1.5"]
[White "Girya, Olga"]
[Black "Dragomirescu, Angela"]
[Result "1-0"]
[WhiteElo "2493"]
[BlackElo "2251"]
[EventDate "2014.07.06"]
[PlyCount "131"]

1.d4 d5 2.c4 c6 3.Nf3 Nf6 4.Nc3 a6 5.e3 b5 6.c5 Bg4 7.Qb3 Nbd7 8.a4 g6 9.
Qa3 Rc8 10.axb5 axb5 11.Bd2 e5 12.Qa5 Qxa5 13.Rxa5 e4 14.Ng1 Be7 15.Na2 
Nf8 16.Nb4 Bd7 17.Ne2 Ne6 18.Nc1 O-O 19.Nb3 Ra8 20.Be2 Rfc8 21.O-O Bd8 22.
Raa1 h5 23.Nc2 Kg7 24.Bc3 Nc7 25.Ba5 Ne6 26.Ra3 Bxa5 27.Nxa5 Rc7 28.Rfa1 
Rca7 29.Nb7 Rxa3 30.Rxa3 Rxa3 31.bxa3 Kf8 32.Nb4 Ke7 33.Na5 Nd8 34.Bd1 Ne8
35.a4 Nc7 36.h4 Ke6 37.Kf1 Ke7 38.Ke1 Ke6 39.Kd2 Ke7 40.Kc3 Ke6 41.Bb3 Ke7
42.axb5 Nxb5+ 43.Kd2 Na7 44.Ba4 Ke6 45.Ke2 Ke7 46.f3 exf3+ 47.gxf3 f6 48.
Kf2 g5 49.Kg3 Ke8 50.Bc2 Kf7 51.Ba4 Ke8 52.f4 g4 53.f5 Ke7 54.Kf4 Be8 55.
e4 dxe4 56.Kxe4 Bd7 57.Kf4 Be8 58.d5 Bd7 59.dxc6 Bc8 60.Nd5+ Kf7 61.Nb6 
Ba6 62.c7 Nb7 63.Nxb7 Bxb7 64.Bd7 Ke7 65.c8=Q Nxc8 66.Bxc8 1-0

[Event "15th EUR-ch (w)"]
[Site "Plovdiv BUL"]
[Date "2014.07.06"]
[Round "1.6"]
[White "Olsarova, Tereza"]
[Black "Hoang Thanh Trang"]
[Result "1/2-1/2"]
[WhiteElo "2251"]
[BlackElo "2490"]
[EventDate "2014.07.06"]
[PlyCount "104"]

1.e4 e6 2.Nf3 d5 3.e5 c5 4.b4 cxb4 5.d4 Nc6 6.a3 bxa3 7.c3 Bd7 8.Bd3 b5 9.
O-O b4 10.cxb4 Nxb4 11.Be2 Ne7 12.Nxa3 Rb8 13.Nc2 a5 14.Nd2 Nec6 15.Nb3 
Nxc2 16.Qxc2 Qb6 17.Bd1 Nxd4 18.Nxd4 Qxd4 19.Qc7 Rc8 20.Qxa5 Bb4 21.Be3 
Bxa5 22.Bxd4 Bc3 23.Bxc3 Rxc3 24.Ra7 Ke7 25.Ba4 Rd8 26.f4 Ke8 27.Bxd7+ 
Rxd7 28.Ra8+ Ke7 29.Rh8 g6 30.Rxh7 d4 31.Rd1 Rc2 32.Rh3 Ra7 33.Rg3 Raa2 
34.h4 Rc3 35.Rgd3 Rcc2 36.Rg3 Rc3 37.Rgd3 Rxd3 38.Rxd3 Ra4 39.Kf2 Kd7 40.
Kf3 Kc6 41.Ke4 Kc5 42.Rd2 Rc4 43.g4 Rc1 44.h5 Re1+ 45.Kf3 gxh5 46.gxh5 Kd5
47.Rh2 Re3+ 48.Kg4 d3 49.h6 Re2 50.Rh1 d2 51.Rd1 Rh2 52.h7 Rxh7 1/2-1/2

[Event "15th EUR-ch (w)"]
[Site "Plovdiv BUL"]
[Date "2014.07.06"]
[Round "1.8"]
[White "Mirzoeva, Elmira"]
[Black "Kosintseva, Tatiana"]
[Result "1/2-1/2"]
[WhiteElo "2241"]
[BlackElo "2476"]
[EventDate "2014.07.06"]
[PlyCount "78"]

1.d4 Nf6 2.c4 e6 3.Nf3 d5 4.Nc3 Bb4 5.cxd5 exd5 6.Qa4+ Nc6 7.Bg5 O-O 8.e3 
h6 9.Bxf6 Qxf6 10.Be2 Be6 11.a3 Bd6 12.Nb5 Bg4 13.Rc1 a6 14.Nxd6 Qxd6 15.
Qc2 Rac8 16.O-O Ne7 17.b4 c6 18.Ne5 Bxe2 19.Qxe2 Nf5 20.g4 Ne7 21.f4 f6 
22.Nd3 Rc7 23.f5 Nc8 24.Nc5 Re8 25.Rfe1 Rce7 26.Ne6 Rxe6 27.fxe6 Qxe6 28.
Qf3 Nd6 29.a4 Nc4 30.Re2 Nd6 31.h3 Qd7 32.Rg2 Re4 33.Re2 Qe7 34.Rb1 Qe6 
35.Rb3 Qe7 36.Rb1 Nc4 37.Rb3 Qd6 38.Kg2 Qe7 39.Kg1 Nd6 1/2-1/2

[Event "15th EUR-ch (w)"]
[Site "Plovdiv BUL"]
[Date "2014.07.06"]
[Round "1.9"]
[White "Javakhishvili, Lela"]
[Black "Abdulla, Khayala"]
[Result "1-0"]
[WhiteElo "2474"]
[BlackElo "2233"]
[EventDate "2014.07.06"]
[PlyCount "107"]

1.d4 Nf6 2.c4 e6 3.Nf3 Bb4+ 4.Bd2 a5 5.Nc3 d6 6.Qc2 Nbd7 7.g3 e5 8.Bg2 O-O
9.O-O Re8 10.Rad1 Qe7 11.dxe5 Nxe5 12.Nb5 Nxf3+ 13.exf3 Bc5 14.Bc3 Bb6 15.
Rfe1 Be6 16.f4 Qd7 17.Bxf6 gxf6 18.Bxb7 Rab8 19.Bf3 Bc5 20.Nc3 Bf5 21.Be4 
Bg4 22.Nd5 Qd8 23.Bxh7+ Kg7 24.Rb1 Rh8 25.Be4 Rh5 26.Ne3 Bxe3 27.Rxe3 Rc5 
28.Qd3 Be6 29.b3 Qd7 30.Qd4 a4 31.Rd1 axb3 32.Qxc5 dxc5 33.Rxd7 Bxd7 34.
axb3 Rb6 35.Bd5 Ra6 36.Kg2 Kf8 37.h4 Bg4 38.Bf3 Bf5 39.Be4 Bg4 40.Rd3 Ra3 
41.Rd5 Ra5 42.b4 Ra4 43.Rxc5 Rxb4 44.Rxc7 Be6 45.Bd5 Bxd5+ 46.cxd5 Rd4 47.
Rc5 Kg7 48.f5 Kh6 49.Kf3 Kh5 50.Ke3 Rd1 51.Rc6 Re1+ 52.Kf4 Re2 53.f3 Re5 
54.g4+ 1-0

[Event "15th EUR-ch (w)"]
[Site "Plovdiv BUL"]
[Date "2014.07.06"]
[Round "1.10"]
[White "Havlikova, Kristyna"]
[Black "Socko, Monika"]
[Result "0-1"]
[WhiteElo "2229"]
[BlackElo "2462"]
[EventDate "2014.07.06"]
[PlyCount "60"]

1.e4 c5 2.Nf3 e6 3.d4 cxd4 4.Nxd4 a6 5.Bd3 Nf6 6.O-O Qc7 7.c4 Nc6 8.Nxc6 
dxc6 9.Nc3 Bd6 10.h3 O-O 11.Be3 Bf4 12.Qf3 Bxe3 13.Qxe3 e5 14.c5 Be6 15.
Bc2 Rad8 16.Rfd1 Nh5 17.b4 Nf4 18.Bb3 Bxb3 19.axb3 Rxd1+ 20.Rxd1 Rd8 21.
Rd2 g6 22.g3 Ne6 23.Ne2 a5 24.Qc3 axb4 25.Qxb4 Rxd2 26.Qxd2 Nxc5 27.Qc2 
Qa5 28.Kh2 Qb4 29.Nc1 Nxe4 30.Nd3 Qd4 0-1

[Event "15th EUR-ch (w)"]
[Site "Plovdiv BUL"]
[Date "2014.07.06"]
[Round "1.11"]
[White "Khurtsidze, Nino"]
[Black "Dordzhieva, Dinara"]
[Result "1-0"]
[WhiteElo "2460"]
[BlackElo "2225"]
[EventDate "2014.07.06"]
[PlyCount "109"]

1.c4 f5 2.Nf3 Nf6 3.g3 g6 4.Bg2 Bg7 5.O-O O-O 6.d4 d6 7.Nc3 c6 8.b3 Qa5 9.
Bb2 Na6 10.a3 e5 11.b4 Qc7 12.e3 Be6 13.d5 Bd7 14.Rc1 Rae8 15.Qb3 c5 16.
Rfd1 e4 17.Ne1 Qb6 18.Rb1 g5 19.Na4 Qd8 20.bxc5 dxc5 21.Nc3 b6 22.Nb5 Qb8 
23.f4 exf3 24.Nxf3 f4 25.exf4 gxf4 26.gxf4 Qxf4 27.Re1 Ng4 28.Bxg7 Kxg7 
29.Rxe8 Rxe8 30.Qc3+ Kg8 31.Re1 Rxe1+ 32.Qxe1 Qxc4 33.Nxa7 Qxd5 34.h3 Nf6 
35.Qg3+ Kf8 36.Ne5 Qd4+ 37.Kh2 Be8 38.Qg5 Qf2 39.Nc8 Bg6 40.Nxb6 Nb8 41.
Qh6+ Ke7 42.Nxg6+ hxg6 43.Qxg6 Nc6 44.Qg5 Ke6 45.Nd5 Nd4 46.Nf4+ Kf7 47.
Qg6+ Ke7 48.Qg7+ Ke8 49.Qg3 Qxg3+ 50.Kxg3 c4 51.Kf2 c3 52.Ne2 c2 53.Nc1 
Nh5 54.Be4 Nb5 55.Bc6+ 1-0

[Event "15th EUR-ch (w)"]
[Site "Plovdiv BUL"]
[Date "2014.07.06"]
[Round "1.12"]
[White "Agrest, Inna"]
[Black "Danielian, Elina"]
[Result "0-1"]
[WhiteElo "2223"]
[BlackElo "2458"]
[EventDate "2014.07.06"]
[PlyCount "198"]

1.e4 c6 2.d4 d6 3.Nc3 Nf6 4.f4 Qa5 5.Bd2 Qb6 6.Nf3 Bg4 7.Na4 Bxf3 8.gxf3 
Qd8 9.Bd3 e6 10.Qe2 g6 11.Nc3 Nh5 12.Qf2 Bg7 13.O-O-O Qb6 14.Be3 Qa5 15.e5
d5 16.f5 exf5 17.Bxf5 Bf8 18.Bg4 Ng7 19.Bd2 Nd7 20.Qh4 Qd8 21.Qg3 Be7 22.
h4 h5 23.Bh3 Nf8 24.Bg5 Bxg5+ 25.hxg5 Nfe6 26.f4 Qb6 27.Qf2 O-O-O 28.Kb1 
Kb8 29.Rd3 Rhe8 30.Rhd1 Qc7 31.a3 Rc8 32.Rg1 Qe7 33.Rgd1 Red8 34.R1d2 Rc7 
35.Rd1 b5 36.Qd2 Rb7 37.Ne2 Ka8 38.Rb3 Rdb8 39.Nc1 b4 40.axb4 Rxb4 41.Rxb4
Rxb4 42.c3 Rb6 43.Nd3 Qa3 44.Rf1 Qa5 45.Nb4 Qb5 46.Qd3 Qa4 47.Qc2 Qa5 48.
Qd2 Qb5 49.Qd3 Qa4 50.Qc2 Qxc2+ 51.Nxc2 h4 52.Ne3 Rb8 53.Ng2 Rh8 54.Rh1 
Kb7 55.Kc2 a5 56.Kd2 c5 57.dxc5 Nxc5 58.Bg4 Ne4+ 59.Ke3 Ng3 60.Rh3 N7f5+ 
61.Kf3 d4 62.Bxf5 Nxf5 63.cxd4 Nxd4+ 64.Ke4 Nf5 65.Ne3 Nxe3 66.Kxe3 Kc6 
67.Ke4 Rb8 68.Rc3+ Kd7 69.b3 Rb4+ 70.Kf3 h3 71.Kg3 h2 72.Kxh2 Rxf4 73.Kg3 
Rb4 74.Kf3 Ke6 75.Rc6+ Kd5 76.Rc3 Rb6 77.Kf4 Ke6 78.Ke3 Rb5 79.Kf4 Rb4+ 
80.Ke3 Kf5 81.Rc7 Rxb3+ 82.Kd4 Rb4+ 83.Kc5 Ke6 84.Ra7 Re4 85.Ra6+ Kf5 86.
Rf6+ Kxg5 87.Rxf7 Rxe5+ 88.Kd4 Rf5 89.Ra7 Kf4 90.Rh7 g5 91.Rh1 g4 92.Rf1+ 
Kg5 93.Rg1 Rf3 94.Ra1 a4 95.Ke4 a3 96.Ra2 Rb3 97.Rh2 g3 98.Rh8 a2 99.Ra8 
g2 0-1

[Event "15th EUR-ch (w)"]
[Site "Plovdiv BUL"]
[Date "2014.07.06"]
[Round "1.13"]
[White "Pahtz, Elisabeth"]
[Black "Belenkaya, Dina"]
[Result "1-0"]
[WhiteElo "2456"]
[BlackElo "2223"]
[EventDate "2014.07.06"]
[PlyCount "129"]

1.e4 c6 2.d4 d5 3.e5 c5 4.Nf3 Bg4 5.dxc5 Nc6 6.Bb5 Qa5+ 7.Nc3 e6 8.Bd2 Qc7
9.b4 Bxf3 10.Qxf3 Qxe5+ 11.Qe2 Qxe2+ 12.Nxe2 a5 13.Nd4 Kd7 14.c3 Be7 15.
bxa5 Bxc5 16.a6 Ne7 17.axb7 Ra7 18.a4 Rxb7 19.Nb3 Ba7 20.c4 d4 21.Na5 Rbb8
22.Bf4 Ra8 23.Rb1 Bb8 24.Bd2 Kc7 25.Nb3 Ba7 26.O-O e5 27.Rfe1 f5 28.f3 Kd6
29.Nc1 Bb8 30.Nd3 Bc7 31.Re2 Ke6 32.Rbe1 Kf6 33.h4 h6 34.Bf4 exf4 35.Re6+ 
Kf7 36.Bxc6 Nxc6 37.Rxc6 Rhc8 38.Rb1 Bd8 39.Rb7+ Kg8 40.Rxc8 Rxc8 41.c5 g5
42.Rd7 Kf8 43.Rxd4 Ke8 44.Rd6 Ra8 45.Rxh6 Rxa4 46.hxg5 Bxg5 47.Rh5 Bf6 48.
Rxf5 Bd4+ 49.Kh2 Be3 50.Re5+ Kd7 51.Re4 Ra8 52.Nxf4 Rh8+ 53.Nh3 Bxc5 54.g4
Be7 55.Kg2 Rg8 56.Kg3 Ke8 57.g5 Kf7 58.Kg4 Ra8 59.Nf4 Bd8 60.g6+ Kg7 61.
Re8 Kf6 62.Re6+ Kg7 63.Nh5+ Kf8 64.g7+ Kf7 65.Re8 1-0

[Event "15th EUR-ch (w)"]
[Site "Plovdiv BUL"]
[Date "2014.07.06"]
[Round "1.14"]
[White "Stiazhkina, Anna"]
[Black "Melia, Salome"]
[Result "0-1"]
[WhiteElo "2220"]
[BlackElo "2454"]
[EventDate "2014.07.06"]
[PlyCount "108"]

1.e4 c5 2.Nf3 Nc6 3.d4 cxd4 4.Nxd4 Nf6 5.Nc3 e5 6.Ndb5 d6 7.Bg5 a6 8.Na3 
b5 9.Nd5 Be7 10.Bxf6 Bxf6 11.c3 Rb8 12.Nc2 Bg5 13.g3 O-O 14.Bg2 a5 15.O-O 
b4 16.f4 Bh6 17.Nce3 bxc3 18.bxc3 exf4 19.gxf4 Ne7 20.Qh5 Nxd5 21.Nxd5 Be6
22.Rad1 Rb2 23.a4 f5 24.Kh1 Kh8 25.Ne3 fxe4 26.Bxe4 Bf7 27.Qh3 Qe8 28.Bg2 
Qxa4 29.Ng4 Be6 30.f5 Bc4 31.Rfe1 Bd2 32.f6 Bxe1 33.fxg7+ Kxg7 34.Rxe1 Qc2
35.Qh6+ Kg8 36.Nf6+ Kf7 37.Be4 Qxh2+ 38.Qxh2 Rxh2+ 39.Kxh2 Kxf6 40.Ra1 d5 
41.Bc2 Ra8 42.Kg3 Ke5 43.Kf3 Kd6 44.Ba4 Rf8+ 45.Ke3 Rf1 46.Ra3 h5 47.Bb3 
Bxb3 48.Rxb3 h4 49.Rb6+ Kc5 50.Ra6 h3 51.Rh6 Rh1 52.Kf2 a4 53.Ra6 Kb5 54.
Ra8 Rc1 0-1

[Event "15th EUR-ch (w)"]
[Site "Plovdiv BUL"]
[Date "2014.07.06"]
[Round "1.15"]
[White "Peptan, Corina-Isabela"]
[Black "Ibrahimova, Sabina"]
[Result "0-1"]
[WhiteElo "2453"]
[BlackElo "2218"]
[EventDate "2014.07.06"]
[PlyCount "110"]

1.d4 Nf6 2.c4 g6 3.Nf3 Bg7 4.g3 d6 5.Bg2 O-O 6.O-O Nc6 7.Nc3 a6 8.Bf4 Bf5 
9.d5 Na5 10.Nd2 c5 11.e4 Bd7 12.Re1 Ng4 13.h3 Ne5 14.Bf1 Rb8 15.a4 e6 16.
Rc1 exd5 17.exd5 f5 18.Be3 g5 19.f4 gxf4 20.Bxf4 Ng6 21.Bxd6 Bxa4 22.Qxa4 
Qxd6 23.Qxa5 Qxg3+ 24.Kh1 Rbe8 25.Rxe8 Rxe8 26.Qxc5 Bh6 27.Qg1 Qxg1+ 28.
Kxg1 Bxd2 29.Rc2 Be3+ 30.Kh1 f4 31.d6 Kg7 32.b4 a5 33.bxa5 Bc5 34.d7 Rd8 
35.Ne4 Be3 36.Nc3 Rxd7 37.Nd5 Bc5 38.Bg2 Rf7 39.Bf3 Nh4 40.Rc3 Kg6 41.Rb3 
Kf5 42.Bh5 Rg7 43.Bg4+ Ke5 44.Rb5 f3 45.Rxc5 f2 46.Nc3+ Kd4 47.Rd5+ Kxc3 
48.Rd1 h5 49.Bxh5 Nf5 50.Be2 Ng3+ 51.Kg2 Nxe2+ 52.Kxf2 Nd4 53.h4 Kxc4 54.
h5 Kd5 55.Ra1 Ke5 0-1

[Event "15th EUR-ch (w)"]
[Site "Plovdiv BUL"]
[Date "2014.07.06"]
[Round "1.16"]
[White "Pavlidou, Ekaterini"]
[Black "Zhukova, Natalia"]
[Result "0-1"]
[WhiteElo "2209"]
[BlackElo "2451"]
[EventDate "2014.07.06"]
[PlyCount "66"]

1.d4 d5 2.c4 e6 3.Nf3 Nf6 4.g3 Bb4+ 5.Bd2 Be7 6.Bg2 O-O 7.O-O c6 8.Qc2 a5 
9.Bf4 Nbd7 10.Nc3 Nh5 11.Bc1 f5 12.b3 g5 13.Bb2 Qe8 14.Rad1 Qg6 15.e3 Nhf6
16.Nd2 h5 17.Ne2 Kf7 18.f3 h4 19.gxh4 gxh4 20.Nf4 Qh6 21.Bh3 Nh7 22.cxd5 
cxd5 23.Bxf5 exf5 24.Nxd5 Qc6 25.Nc3 Nb6 26.e4 Bd7 27.Qd3 Ng5 28.Kh1 Rg8 
29.d5 Qg6 30.Rg1 Nh3 31.Qd4 Qxg1+ 32.Rxg1 Rxg1+ 33.Qxg1 Nxg1 0-1

[Event "15th EUR-ch (w)"]
[Site "Plovdiv BUL"]
[Date "2014.07.06"]
[Round "1.17"]
[White "Skripchenko, Almira"]
[Black "Mamedyarova, Turkan"]
[Result "0-1"]
[WhiteElo "2449"]
[BlackElo "2205"]
[EventDate "2014.07.06"]
[PlyCount "64"]

1.e4 c6 2.d4 d5 3.Nc3 dxe4 4.Nxe4 Bf5 5.Ng3 Bg6 6.Bc4 e6 7.N1e2 Bd6 8.c3 
Qc7 9.Be3 Nf6 10.Qd2 Nbd7 11.Nf4 Nd5 12.Bxd5 cxd5 13.h4 Nb6 14.b3 Bf5 15.
Nxf5 exf5 16.g3 O-O 17.Qd3 Rfe8 18.Kf1 Re4 19.Kg2 Rae8 20.Rac1 Qc6 21.Bd2 
Nd7 22.Nh3 h6 23.Qf3 Nf6 24.Qxf5 Re2 25.Bxh6 Ba3 26.Bf4 Bxc1 27.Rxc1 Rxa2 
28.Be5 Ne4 29.Qg4 f6 30.Bf4 Qe6 31.Qf3 b5 32.Qd3 Qxh3+ 0-1

[Event "15th EUR-ch (w)"]
[Site "Plovdiv BUL"]
[Date "2014.07.06"]
[Round "1.18"]
[White "Khalafova, Narmin"]
[Black "Mkrtchian, Lilit"]
[Result "0-1"]
[WhiteElo "2191"]
[BlackElo "2446"]
[EventDate "2014.07.06"]
[PlyCount "114"]

1.e4 e6 2.d4 d5 3.Nd2 Be7 4.Ngf3 Nf6 5.e5 Nfd7 6.Bd3 c5 7.c3 b6 8.a4 Nc6 
9.O-O Bb7 10.Re1 Rc8 11.h4 cxd4 12.cxd4 Nb4 13.Bb1 Bxh4 14.Nxh4 Qxh4 15.
Nf3 Qd8 16.Ng5 Nf8 17.Ra3 h6 18.Rh3 a5 19.Bd2 Rc7 20.Qg4 Qd7 21.Nf3 Ng6 
22.Nh4 Kd8 23.Nxg6 fxg6 24.Bxg6 Rf8 25.Ree3 Rc8 26.Rhg3 Ba6 27.Rc3 Nc6 28.
Bh5 Rf5 29.Qh4+ Kc7 30.Rg6 Kb8 31.Bg4 Nxd4 32.Bxf5 Nxf5 33.Qf4 Rxc3 34.
Bxc3 Qe8 35.Rg4 Be2 36.f3 Bc4 37.Bd4 Kb7 38.b3 Bxb3 39.Bf2 Bc4 40.Kh2 Qxa4
41.Qd2 Qb5 42.Rf4 g5 43.g4 gxf4 44.gxf5 exf5 45.Qxf4 Qd7 46.Qxh6 d4 47.Qf4
d3 48.Be3 Be6 49.Bd2 Qd5 50.Kg3 Ka6 51.Kh4 Qc4 52.Kg5 Qxf4+ 53.Kxf4 Kb5 
54.Ke3 Kc4 55.Bc1 Kc3 56.Bd2+ Kc2 57.Be1 a4 0-1

[Event "15th EUR-ch (w)"]
[Site "Plovdiv BUL"]
[Date "2014.07.06"]
[Round "1.20"]
[White "Petrenko, Svetlana"]
[Black "Goriachkina, Alexandra"]
[Result "1/2-1/2"]
[WhiteElo "2183"]
[BlackElo "2434"]
[EventDate "2014.07.06"]
[PlyCount "80"]

1.e4 c5 2.Nf3 Nc6 3.d4 cxd4 4.Nxd4 e5 5.Nb5 d6 6.c4 Be7 7.N1c3 a6 8.Na3 f5
9.Bd3 f4 10.g3 Nf6 11.gxf4 exf4 12.Bxf4 O-O 13.Qd2 Ng4 14.Nd5 Bh4 15.O-O 
Nge5 16.Bxe5 dxe5 17.f4 Bh3 18.Rf3 Bg4 19.Rff1 exf4 20.Rxf4 Ne5 21.Be2 
Rxf4 22.Qxf4 Bxe2 23.Qxe5 Qc8 24.Qf5 Qc5+ 25.Kg2 Qd4 26.Nc3 Rd8 27.Kh3 Bf6
28.Nxe2 Qxb2 29.Re1 Qxa3+ 30.Ng3 Qc3 31.Qe6+ Kh8 32.Rb1 Qd2 33.Rxb7 Qh6+ 
34.Kg2 Rd2+ 35.Kf3 Rd3+ 36.Kg2 Rd2+ 37.Kf3 Rd3+ 38.Kg2 Qd2+ 39.Kh3 Qh6+ 
40.Kg2 Rd2+ 1/2-1/2

[Event "15th EUR-ch (w)"]
[Site "Plovdiv BUL"]
[Date "2014.07.06"]
[Round "1.21"]
[White "Bodnaruk, Anastasia"]
[Black "Mammadzada, Gunay"]
[Result "0-1"]
[WhiteElo "2429"]
[BlackElo "2182"]
[EventDate "2014.07.06"]
[PlyCount "144"]

1.e4 c5 2.Nf3 d6 3.d4 cxd4 4.Nxd4 Nf6 5.Nc3 a6 6.g3 e5 7.Nde2 Be6 8.Bg2 
Be7 9.a4 O-O 10.O-O Nbd7 11.h3 Nb6 12.f4 Nc4 13.Kh2 b5 14.axb5 axb5 15.
Rxa8 Qxa8 16.b3 Na3 17.Bxa3 Qxa3 18.Nxb5 Qc5 19.c4 Bd7 20.Nec3 h5 21.f5 
Ra8 22.Qe2 Bc6 23.Rb1 Bxb5 24.Nxb5 Qb4 25.Qc2 Rc8 26.Qa2 h4 27.Bf3 Qc5 28.
Qa7 Qxa7 29.Nxa7 Ra8 30.Nc6 Ra2+ 31.Kg1 Kf8 32.gxh4 Nd7 33.Nxe7 Kxe7 34.
Bg2 Kd8 35.Kh2 Nc5 36.Kg3 Re2 37.f6 g6 38.Bf3 Nxe4+ 39.Bxe4 Rxe4 40.Ra1 
Re3+ 41.Kf2 Rxb3 42.Ra7 Rxh3 43.Rxf7 Rxh4 44.Ke3 Rxc4 45.Rg7 Rf4 46.Rxg6 
Kd7 47.Rh6 d5 48.f7 Rxf7 49.Ra6 Re7 50.Kd3 Re6 51.Ra7+ Kd6 52.Ra6+ Ke7 53.
Ra7+ Kf6 54.Rd7 e4+ 55.Ke3 Ke5 56.Rd8 Ra6 57.Re8+ Kd6 58.Rd8+ Ke6 59.Re8+ 
Kd7 60.Rh8 Ra3+ 61.Kd4 Rd3+ 62.Ke5 e3 63.Kf4 e2 64.Rh7+ Kd6 65.Rh6+ Kc5 
66.Re6 Rd2 67.Kf3 Kc4 68.Kf2 d4 69.Ke1 Ra2 70.Re4 Kc3 71.Re3+ d3 72.Kf2 
Ra1 0-1

[Event "15th EUR-ch (w)"]
[Site "Plovdiv BUL"]
[Date "2014.07.06"]
[Round "1.22"]
[White "Kazimova, Narmin"]
[Black "Batsiashvili, Nino"]
[Result "1/2-1/2"]
[WhiteElo "2180"]
[BlackElo "2417"]
[EventDate "2014.07.06"]
[PlyCount "156"]

1.c4 e6 2.Nf3 d5 3.d4 Nf6 4.Nc3 Bb4 5.Qa4+ Nc6 6.e3 O-O 7.Bd2 dxc4 8.Bxc4 
a6 9.O-O Bd6 10.Be2 e5 11.d5 Ne7 12.e4 Ng6 13.Rfe1 h6 14.h3 Qe7 15.Bf1 Nh5
16.a3 Bd7 17.Qc2 Rac8 18.b4 c6 19.Qb3 Nf6 20.Bd3 Rfe8 21.Rab1 cxd5 22.exd5
Qf8 23.a4 Nf4 24.Bc2 Bb8 25.Be3 Bd6 26.Bd2 Re7 27.Nh4 g6 28.b5 axb5 29.
axb5 Kh7 30.Ra1 Qd8 31.Nf3 Kg7 32.b6 Qe8 33.Ra7 Rb8 34.Qc4 g5 35.Nh2 Qd8 
36.Qb3 Qc8 37.Be3 Ng6 38.Bd3 Nh4 39.Nb5 Bxb5 40.Bxb5 Nf5 41.Rc1 Qd8 42.Ng4
Rc8 43.Raa1 Rxc1+ 44.Rxc1 Nh7 45.Qc2 e4 46.Qc3+ Kg6 47.Qc8 Qxc8 48.Rxc8 
Nf6 49.Nxf6 Kxf6 50.Bd2 e3 51.fxe3 Nxe3 52.Bc3+ Kg6 53.Bd3+ f5 54.g4 Nxd5 
55.Bxf5+ Kf7 56.Bd4 Nf4 57.Bc5 Nxh3+ 58.Kf1 Bxc5 59.Rxc5 Nf4 60.Bc8 Ne6 
61.Rf5+ Ke8 62.Rf6 Nd4 63.Rxh6 Rf7+ 64.Kg2 Ne2 65.Rh8+ Ke7 66.Bxb7 Nf4+ 
67.Kh2 Ne6 68.Bd5 Rf2+ 69.Kg3 Rb2 70.Bxe6 Kxe6 71.Rg8 Rb3+ 72.Kf2 Kf7 73.
Rb8 Kg7 74.Ke2 Rb4 75.b7 Rb3 76.Kd2 Rb1 77.Kd3 Rb4 78.Kc3 Rb1 1/2-1/2

[Event "15th EUR-ch (w)"]
[Site "Plovdiv BUL"]
[Date "2014.07.06"]
[Round "1.23"]
[White "Arabidze, Meri"]
[Black "Stiazhkina, Olga"]
[Result "1-0"]
[WhiteElo "2406"]
[BlackElo "2177"]
[EventDate "2014.07.06"]
[PlyCount "107"]

1.c4 c5 2.Nc3 Nf6 3.Nf3 d5 4.cxd5 Nxd5 5.g3 Nc6 6.Bg2 Nc7 7.Qa4 Bd7 8.Qe4 
f6 9.d4 cxd4 10.Nxd4 e5 11.Nf5 Be6 12.O-O Qd7 13.Rd1 Bxf5 14.Rxd7 Bxe4 15.
Rxc7 Bxg2 16.Kxg2 Kd8 17.Rxb7 Kc8 18.Rb5 Nd4 19.Rd5 Rb8 20.e3 Nc6 21.b3 
Be7 22.Rd2 Rd8 23.Nd5 Bf8 24.e4 Kb7 25.Rc2 Rd7 26.Bd2 Ne7 27.Ne3 Nc6 28.
Nd5 Ne7 29.Nxe7 Bxe7 30.Be3 Bd8 31.Rd2 Rxd2 32.Bxd2 Bb6 33.Rc1 Rd8 34.Rc2 
Rd4 35.Kf3 Rd7 36.Ke2 Rd4 37.f3 Rd7 38.g4 Rd8 39.h4 Rd7 40.b4 Rd4 41.a4 
Rd7 42.a5 Bd4 43.b5 Rd8 44.Rc6 Kb8 45.Bb4 Kb7 46.h5 h6 47.Be7 Re8 48.Bd6 
Rd8 49.Rc7+ Ka8 50.Bb4 Rb8 51.a6 Rxb5 52.Rc8+ Rb8 53.Rxb8+ Kxb8 54.Bf8 1-0

[Event "15th EUR-ch (w)"]
[Site "Plovdiv BUL"]
[Date "2014.07.06"]
[Round "1.24"]
[White "Topel, Zehra"]
[Black "Milliet, Sophie"]
[Result "1/2-1/2"]
[WhiteElo "2170"]
[BlackElo "2406"]
[EventDate "2014.07.06"]
[PlyCount "111"]

1.d4 d6 2.c4 e5 3.e4 exd4 4.Qxd4 Nc6 5.Qd2 Nf6 6.Nc3 a5 7.f3 g6 8.b3 Bg7 
9.Bb2 O-O 10.Bd3 Nd7 11.Nge2 Nc5 12.Bc2 Qh4+ 13.g3 Qd8 14.O-O Bh3 15.Rf2 
Be6 16.Nd1 Bxb2 17.Nxb2 a4 18.Rb1 axb3 19.axb3 Qf6 20.f4 Ra3 21.Nd1 Rfa8 
22.f5 gxf5 23.exf5 Bd7 24.Nf4 Qd4 25.Qe2 Ne5 26.Qh5 f6 27.Nd5 Rf8 28.Qh6 
Rf7 29.Qe3 Qxe3 30.N1xe3 Bc6 31.Bd1 Ncd3 32.Rd2 Kg7 33.h3 b5 34.Be2 bxc4 
35.bxc4 Bxd5 36.Nxd5 Nc5 37.Kh2 Rxg3 38.Kxg3 Ne4+ 39.Kf4 Nxd2 40.Rg1+ Kh6 
41.Rg3 c6 42.Ne3 Rb7 43.Ng4+ Nxg4 44.Rxg4 Re7 45.Bd3 Nb3 46.Kf3 c5 47.Rg8 
Nd4+ 48.Kf4 Nc6 49.Be4 Ne5 50.Bd5 Ra7 51.Rf8 Kg7 52.Rg8+ Kh6 53.Rf8 Kg7 
54.Rg8+ Kh6 55.Rf8 Kg7 56.Ke4 1/2-1/2

[Event "15th EUR-ch (w)"]
[Site "Plovdiv BUL"]
[Date "2014.07.06"]
[Round "1.25"]
[White "Daulyte, Deimante"]
[Black "Tsolakidou, Stavroula"]
[Result "0-1"]
[WhiteElo "2405"]
[BlackElo "2157"]
[EventDate "2014.07.06"]
[PlyCount "100"]

1.e4 c5 2.Nc3 a6 3.Nge2 d6 4.g3 Nc6 5.Bg2 e6 6.O-O Be7 7.d4 cxd4 8.Nxd4 
Bd7 9.Be3 Nf6 10.a4 Ne5 11.h3 Qc7 12.Nde2 O-O 13.b3 Nc6 14.f4 Rab8 15.Qd3 
Nb4 16.Qd2 Rfd8 17.a5 d5 18.e5 Ne4 19.Nxe4 dxe4 20.Bb6 Bc5+ 21.Bxc5 Qxc5+ 
22.Qd4 Qxc2 23.Qxb4 Qxe2 24.Qxe4 Qxe4 25.Bxe4 Bc6 26.Bxc6 bxc6 27.Rfd1 Rd5
28.Rxd5 cxd5 29.Rc1 g5 30.Rc6 Rxb3 31.Kg2 gxf4 32.gxf4 Kg7 33.Rxa6 Kg6 34.
Ra7 Ra3 35.a6 h5 36.h4 d4 37.Kf2 Kf5 38.Rxf7+ Ke4 39.a7 Ra2+ 40.Kg3 d3 41.
Rd7 Ke3 42.f5 d2 43.f6 Rxa7 44.Rd8 Ra1 45.Rxd2 Kxd2 46.Kf4 Rg1 47.f7 Rf1+ 
48.Kg5 Rxf7 49.Kxh5 Rf5+ 50.Kg6 Rxe5 0-1